000 01841nam0a2200373 4500
001 RU\NLR\BIBL_A\022643899
005 20260130124835.0
010 _a978-5-6050505-1-3
_9300
021 _aRU
_bКН-П-25-051421
_9КН-П-25-4975
035 _a(NLR Aleph) 022643899
090 _a13538910
_c13538910
100 _a20251014d2025 u y0rusy50 ca
101 0 _arus
102 _aRU
105 _aach|z|||010zc
181 0 _ai3
_baxxe
182 0 _an
200 1 _aДети детям
_eпамять. Семейные истории
_e[Удмурдская Республика, Завьяловский район]
_eпосвящается 80-летию Победы в Великой Отечественной войне 1941-1945 гг.
_f[Завьяловский музей истории и культуры
_gредактор: Юлия Ардашева]
203 _aТекст
_bвизуальный
_cнепосредственный
210 _aс. Завьялово
_cЗавьяловский музей истории и культуры
_aИжевск
_c[б. и.]
_d2025
215 _a79 с.
_cил., цв. ил., портр., факс.
_d31
225 1 _aНавигаторы детства
300 _aНа тит. с. и обл.: Победа! 80
333 _a12+
606 1 _aВеликая Отечественная война
_z1941 - 1945
_xГерои и героизм
_2nlr_sh1
_2nlr_sh2
_3RU\NLR\AUTH\6615750
686 1 _aТ3(2)722.78
686 1 _aЦ35(2)722-424
702 1 _aАрдашева
_bЮ.
_gЮлия
_4340
712 0 2 _aЗавьяловский музей истории и культуры
_cУдмуртская Республика
_3RU\NLR\AUTH\880633253
_4570
942 _cBOOK
980 _aNB